Selected Papers of Abdus Salam : With Commentary
Αποθηκεύτηκε σε:
| Κύριος συγγραφέας: | |
|---|---|
| Άλλοι συγγραφείς: | |
| Μορφή: | Βιβλίο |
| Γλώσσα: | English |
| Δημοσίευση: |
Singapore :
World Scientific,
c1994.
|
| Σειρά: | World Scientific series in 20th century physics ;
5 |
| Θέματα: | |
| Ετικέτες: |
Προσθήκη ετικέτας
Δεν υπάρχουν, Καταχωρήστε ετικέτα πρώτοι!
|
MARC
| LEADER | 00000cam a2200000 i 4500 | ||
|---|---|---|---|
| 001 | 1/49021 | ||
| 008 | 950822s1994 si ||| | eng|| | ||
| 020 | |a 9810216629 | ||
| 035 | |a 1995 |c ΦΛΕΣΣΑΣ |l 10043499 | ||
| 040 | |a GR-MyUA |b gre |e AACR2 | ||
| 041 | 0 | |a eng | |
| 082 | 0 | |a 530.143 | |
| 100 | 1 | |a Salam, Abdus |d 1926- | |
| 245 | 1 | 0 | |a Selected Papers of Abdus Salam : |b With Commentary / |c Editors, A. Ali...[κ. ά.]. |
| 260 | |a Singapore : |b World Scientific, |c c1994. | ||
| 300 | |a 679 σ. ; |c 27 εκ. | ||
| 490 | 1 | |a (World Scientific series in 20th century physics |v ; 5) | |
| 500 | |a Περιέχει βιβλιογραφικές παραπομπές. | ||
| 650 | 0 | 0 | |a Particles (Nuclear physics) |
| 650 | 0 | 0 | |a Electroweak interactions. |
| 650 | 0 | 0 | |a Grand unified theories (Nuclear physics) |
| 650 | 0 | 0 | |a Quantum field theory. |
| 700 | 1 | |a Ali, Ahmed, |e edt | |
| 830 | 0 | |a World Scientific series in 20th century physics ; |v 5 | |
| 852 | |a INST |b SAMOS |e 19950822 |h 530.143 SAL |p 005300004959 |q 005300004959 |t BK |y 0 | ||
| 909 | |a Σ |b 041868 | ||